| 000 | 00744nam a22002297a 4500 | ||
|---|---|---|---|
| 005 | 20170124110131.0 | ||
| 010 | _aA-724182 | ||
| 020 |
_c00.00 _a818532400X |
||
| 035 | _aA-724182 | ||
| 037 | _bCen Lib/Ret | ||
| 040 |
_aDPL _bEN |
||
| 082 |
_a921 _bVEN |
||
| 100 |
_aVenkataraman, G. _919378 |
||
| 245 |
_aJourney into light : _cby G.Venkataraman _blife and science of C.V. Raman / |
||
| 260 |
_aBangalore _bIndian Academy of Sciences _c1988 |
||
| 270 |
_aP.B.No.8005, Sadashivnagar _bBangalore _e560 080 |
||
| 300 |
_axviii,570p. : _c23cm(Hb) _bill. |
||
| 500 | _aIncludes index | ||
| 650 |
_aPhysicists _932259 |
||
| 650 |
_aRaman, C. V. -- (Chandrasekhara Venkata), -- 1888-1970 _932260 |
||
| 942 |
_2ddc _cEN _h921 _mVEN |
||
| 999 |
_c131609 _d131609 |
||